000 00396nam a2200145 a 4500
005 20260112063257.0
020 _a9780803902558
039 9 _y 201006150206
_z staff
100 _aBlasé, Merlvin G
245 _aInstitution Building: A Source Book, Rev. ed,/
_cBlasé, Merlvin G
260 _b SAGE,
_c1991
991 _aVIRTUA40
991 _aVTLSSORT0080*0200*1000*2450*2600*9991
909 _a3165
999 _c2890
_d2890